Visualizzazione normale
Vista MARC
- Anderloni L., Vandone D., Maino F., Benzi E.B
di Personal Name
Records bibliografici associati: 1
001 - CONTROL NUMBER
- control field: 61496
003 - CONTROL NUMBER IDENTIFIER
- control field:
005 - DATE AND TIME OF LATEST TRANSACTION
- control field: 20250212125849.0
008 - FIXED-LENGTH DATA ELEMENTS
- fixed length control field: 250212|| aca||aabn | a|a d
040 ## - CATALOGING SOURCE
- Original cataloging agency:
- Transcribing agency:
100 ## - HEADING--PERSONAL NAME
- Personal name: Anderloni L., Vandone D., Maino F., Benzi E.B
670 ## - SOURCE DATA FOUND
- Source citation: Work cat.: ()209885: Forum ANIA consumatori - Università degli Studi di Milano 57542, La famiglia al tempo della crisi., 2014